000
00336nam a2200145Ia 4500
008
150201s2007 xx 000 0 und d
082
_a
615
_b
M07R
100
_a
ROSS, IRAN A.
245
_a
MEDICAL PLANTS OF THE WORLD
250
_a
2ND
260
_b
HUMANA
_a
TOTOMA
_c
2007
300
_a
1-624
650
_a
PHARMACOLOGY
942
_2
ddc
_c
BK
999
_c
271
_d
271